| 000 | 00587nam a22001937a 4500 | ||
|---|---|---|---|
| 003 | OSt | ||
| 005 | 20131213164703.0 | ||
| 008 | 130410s1992 sp ||||| |||| 00| 0 spa d | ||
| 020 | _a847432436X | ||
| 040 |
_cCDMR _bcat |
||
| 100 | 1 |
_91268 _aWolton, Dominique |
|
| 245 | 1 | 0 |
_aElogio del gran público _b: una teoría crítica de la televisión _cpor Dominique Wolton |
| 260 |
_aBarcelona _bGedisa _c1992 |
||
| 300 | _a316 p. | ||
| 490 | 0 | _aEl mamífero parlante. Serie mayor | |
| 650 | 0 | 4 |
_91190 _aTelevisió _xAspectes socials |
| 650 | 0 | 4 |
_92194 _aInformació, Teoria de la |
| 942 |
_2udc _cMON |
||
| 999 |
_c6079 _d6079 |
||